000 00602cam a22002293a 4500
001 24255
003 PGUSA
005 20140828083522.0
008 080112s2008||||xxu|||||s|||||000 | eng d
040 _aPGUSA
_beng
042 _adc
050 4 _aHV
245 1 0 _aPeines, tortures et supplices
_h[electronic resource] /
_cAnonymous
260 _bProject Gutenberg,
_c2008
506 _aPublic domain in the USA.
516 _aElectronic text
653 _aTorture
653 _aPunishment
830 0 _aProject Gutenberg
_v24255
856 4 0 _uhttp://www.gutenberg.org/ebooks/24255
942 _cEB
999 _c253510
_d253510